LEADER 01698oam 2200493I 450 001 9910713601403321 005 20200507122521.0 035 $a(CKB)5470000002501645 035 $a(OCoLC)1121049766 035 $a(EXLCZ)995470000002501645 100 $a20190926d1924 ua 0 101 0 $aeng 135 $aurbn||||||||| 181 $ctxt$2rdacontent 182 $cc$2rdamedia 183 $acr$2rdacarrier 200 10$aMicarta propellers$hII$iMethod of construction /$fby F.W. Caldwell and N.S. Clay 210 1$a[Washington, D.C.] :$cNational Advisory Committee for Aeronautics,$d1924. 215 $a1 online resource (8 pages, 5 unnumbered pages) $cillustrations 225 1 $aTechnical notes / National Advisory Committee for Aeronautics ;$vNo. 199 300 $a"August, 1924." 300 $aNo Federal Depository Library Program (FDLP) item number. 320 $aIncludes bibliographical references (page 1). 517 3 $aMethod of construction 606 $aPropellers, Aerial 606 $aPropellers$xDesign and construction 606 $aManufacturing processes$xMachinery 606 $aPropellers, Aerial$2fast 615 0$aPropellers, Aerial. 615 0$aPropellers$xDesign and construction. 615 0$aManufacturing processes$xMachinery. 615 7$aPropellers, Aerial. 700 $aCaldwell$b F. W.$f1889-1974,$01416256 702 $aClay$b N. S. 712 02$aUnited States.$bNational Advisory Committee for Aeronautics, 801 0$bTRAAL 801 1$bTRAAL 801 2$bOCLCO 801 2$bOCLCF 801 2$bGPO 906 $aBOOK 912 $a9910713601403321 996 $aMicarta propellers$93521032 997 $aUNINA LEADER 05346nam 2200685Ia 450 001 9910830652803321 005 20230124190123.0 010 $a1-283-02644-9 010 $a9786613026446 010 $a1-118-25572-0 010 $a1-118-01497-9 035 $a(CKB)2670000000066975 035 $a(EBL)644898 035 $a(SSID)ssj0000466240 035 $a(PQKBManifestationID)11269573 035 $a(PQKBTitleCode)TC0000466240 035 $a(PQKBWorkID)10458180 035 $a(PQKB)11666612 035 $a(MiAaPQ)EBC644898 035 $a(OCoLC)761321900 035 $a(CaSebORM)9780470612910 035 $a(EXLCZ)992670000000066975 100 $a20110205d2011 uy 0 101 0 $aeng 135 $aur|n|---||||| 181 $ctxt 182 $cc 183 $acr 200 10$aAdobe Acrobat X PDF Bible$b[electronic resource] /$fTed Padova 205 $a1st edition 210 $aIndianapolis, IN $cJohn Wiley & Sons, Inc.$d2011 215 $a1 online resource (939 p.) 225 1 $aBible ;$vv.756 225 0$aBible 300 $aDescription based upon print version of record. 311 $a0-470-61291-6 327 $aAdobe Acrobat X PDF Bible; About the Author; Credits; About This Book; Staying Connected; Contacting Me; What Is Adobe Acrobat?; New Features in Adobe Acrobat Professional; Part I: Introducing Adobe Acrobat; Chapter 1: Getting to Know Adobe Acrobat; Getting to Know the Viewing Modes; Discovering Adobe Acrobat; Understanding PDF; Understanding PDF Standards; Working in the Acrobat Environment; Using Panels; Understanding Preferences; Summary; Chapter 2: Using Acrobat Viewers; Exploring Viewer Distinctions; Using Plug-ins; Summary; Chapter 3: Using Help and Resources; Accessing Help 327 $aUsing ResourcesSummary; Chapter 4: Getting Familiar with Adobe Reader; Exploring Adobe Reader Tools and Menus; Trying Out PDF Creation at Acrobat.com; Creating PDF Files Using Acrobat.com; Introducing Protected Mode; Adding More Functionality to Adobe Reader; Summary; Chapter 5: Viewing and Navigating PDF Files; Using Read Mode; Customizing the Quick Tools Toolbar; Navigating PDF Documents; Zooming In and Out; Setting Initial View Attributes; Viewing Files with the Window Menu; Viewing Links; Opening PDF Files; Summary; Chapter 6: Searching PDF Files; Using the Find Toolbar 327 $aUsing the Search WindowUnderstanding Document Descriptions; Comparing Full-Text and Index Searches; Using Search Index Procedures; Creating Search Indexes (Acrobat Pro Only); Using Index Files; Working with Embedded Index Files; Summary; Part II: Converting Documents to PDF; Chapter 7: Converting Files to PDF; Understanding How PDFs Are Created; Converting Native Documents to PDF; Creating PDFs from Files; Scanning to PDF; Converting Web Pages to PDF; Summary; Chapter 8: Using Acrobat PDFMaker with Microsoft Programs; Using Acrobat with Microsoft Word; Converting Microsoft Excel Files to PDF 327 $aConverting Microsoft PowerPointFiles to PDFChanging Microsoft Publisher Files to PDF; Converting Web Pages from Internet Explorer to PDF (Windows Only); Converting Microsoft Outlook Emails to PDF (Windows Only); Summary; Chapter 9: Exporting to PDF from Authoring Applications; Working with Acrobat and the Adobe Creative Suite; Using Acrobat with Non-Adobe Programs; Summary; Chapter 10: Exporting PDF Content; Saving PDF Files; Exporting to PDF; Exporting Data to Different Formats; Summary; Part III: Editing PDFs; Chapter 11: Combining, Packaging, and Attaching PDFs 327 $aMerging Files into a Single PDF DocumentWorking with PDF Portfolios; Navigating PDF Portfolios; Working with File Attachments; Using the Attachments Panel; Summary; Chapter 12: Editing Text; Using the Edit Document Text Tool; Setting Text Editing Preferences; Using the Select Tool; Looking Up Definitions; Summary; Chapter 13: Redacting PDFs; Understanding Redaction; Getting a Grip on the Redaction Tools; Redacting PDF Files; Sanitizing a Document; Summary; Chapter 14: Editing Images and Objects; Selecting Images; Editing Images and Objects Outside of Acrobat; Exporting Images; Summary 327 $aChapter 15: Editing Pages 330 $aThe classic Acrobat and PDF reference, updated to cover the latest release Consistently the most authoritative and comprehensive resource on the Acrobat PDF format, this standard reference returns with in-depth coverage of the newest version of Acrobat. Written by bestselling author Ted Padova, this book is packed with real-world insights and techniques gained from Padova's daily use of Acrobat under deadline constraints. You'll discover everything there is to know about using Acrobat X for print prepress, the Internet, CD-ROMs, and other forms of media.Popular author Ted Pado 410 0$aBible 606 $aFile conversion (Computer science) 606 $aPortable document software 606 $aComputer science 615 0$aFile conversion (Computer science) 615 0$aPortable document software. 615 0$aComputer science. 676 $a005.72 676 $a005.726 700 $aPadova$b Ted$0878478 801 0$bMiAaPQ 801 1$bMiAaPQ 801 2$bMiAaPQ 906 $aBOOK 912 $a9910830652803321 996 $aAdobe Acrobat X PDF Bible$94071555 997 $aUNINA LEADER 01117nas 2200397 a 450 001 996214110703316 005 20240413012227.0 011 $a1465-3443 035 $a(OCoLC)41979758 035 $a(CKB)954925255160 035 $a(CONSER) 2006233241 035 $a(DE-599)ZDB1477529-3 035 $a(MiAaPQ)32735 035 $a(EXLCZ)99954925255160 100 $a19990729a19899999 sy 101 0 $aeng 135 $aurmnu||||| 181 $ctxt$2rdacontent 182 $cc$2rdamedia 183 $acr$2rdacarrier 200 10$aFood and agricultural immunology 210 $a[Abingdon, Oxfordshire] $cCarfax International Publishers 300 $aPublished: Taylor & Francis, <2002-> 300 $aRefereed/Peer-reviewed 311 $a0954-0105 606 $aImmunochemistry$vPeriodicals 606 $aFood$xAnalysis$vPeriodicals 606 $aImmunoassay$vPeriodicals 615 0$aImmunochemistry 615 0$aFood$xAnalysis 615 0$aImmunoassay 676 $a571.964 906 $aJOURNAL 912 $a996214110703316 996 $aFood and agricultural immunology$92026023 997 $aUNISA